Image and Signal Processing 7th International Conference, ICISP 2016, Trois-Rivières, QC, Canada, May 30 - June 1, 2016, Proceedings /

This book constitutes the refereed proceedings of the 7th International Conference, ICISP 2016, held in May/June 2016 in Trois-Rivières, QC, Canada. The 40 revised full papers were carefully reviewed and selected from 83 submissions. The contributions are organized in topical sections on features ex...

Full description

Bibliographic Details
Corporate Author: SpringerLink (Online service)
Other Authors: Mansouri, Alamin (Editor), Nouboud, Fathallah (Editor), Chalifour, Alain (Editor), Mammass, Driss (Editor), Meunier, Jean (Editor), Elmoataz, Abderrahim (Editor)
Format: Electronic eBook
Language:English
Published: Cham : Springer International Publishing : Imprint: Springer, 2016.
Series:Lecture Notes in Computer Science, 9680
Subjects:
Online Access:Full Text via HEAL-Link
LEADER 03350nam a22006615i 4500
001 978-3-319-33618-3
003 DE-He213
005 20160506120141.0
007 cr nn 008mamaa
008 160506s2016 gw | s |||| 0|eng d
020 |a 9783319336183  |9 978-3-319-33618-3 
024 7 |a 10.1007/978-3-319-33618-3  |2 doi 
040 |d GrThAP 
050 4 |a TA1637-1638 
050 4 |a TA1634 
072 7 |a UYT  |2 bicssc 
072 7 |a UYQV  |2 bicssc 
072 7 |a COM012000  |2 bisacsh 
072 7 |a COM016000  |2 bisacsh 
082 0 4 |a 006.6  |2 23 
082 0 4 |a 006.37  |2 23 
245 1 0 |a Image and Signal Processing  |h [electronic resource] :  |b 7th International Conference, ICISP 2016, Trois-Rivières, QC, Canada, May 30 - June 1, 2016, Proceedings /  |c edited by Alamin Mansouri, Fathallah Nouboud, Alain Chalifour, Driss Mammass, Jean Meunier, Abderrahim Elmoataz. 
264 1 |a Cham :  |b Springer International Publishing :  |b Imprint: Springer,  |c 2016. 
300 |a XV, 408 p. 187 illus.  |b online resource. 
336 |a text  |b txt  |2 rdacontent 
337 |a computer  |b c  |2 rdamedia 
338 |a online resource  |b cr  |2 rdacarrier 
347 |a text file  |b PDF  |2 rda 
490 1 |a Lecture Notes in Computer Science,  |x 0302-9743 ;  |v 9680 
505 0 |a Feature Extraction, Computer Vision and Pattern Recognition -- Multispectral and Color Imaging -- Image Filtering, Segmentation and Super-Resolution -- Signal Processing -- Biomedical Imaging -- Geoscience and Remote Sensing -- Watermarking, Authentication and Coding -- 3d Acquisition, Processing and Applications. 
520 |a This book constitutes the refereed proceedings of the 7th International Conference, ICISP 2016, held in May/June 2016 in Trois-Rivières, QC, Canada. The 40 revised full papers were carefully reviewed and selected from 83 submissions. The contributions are organized in topical sections on features extraction, computer vision, and pattern recognition; multispectral and color imaging; image filtering, segmentation, and super-resolution; signal processing; biomedical imaging; geoscience and remote sensing; watermarking, authentication and coding; and 3d acquisition, processing, and applications. 
650 0 |a Computer science. 
650 0 |a Computers. 
650 0 |a Algorithms. 
650 0 |a Artificial intelligence. 
650 0 |a Image processing. 
650 0 |a Pattern recognition. 
650 1 4 |a Computer Science. 
650 2 4 |a Image Processing and Computer Vision. 
650 2 4 |a Pattern Recognition. 
650 2 4 |a Artificial Intelligence (incl. Robotics). 
650 2 4 |a Algorithm Analysis and Problem Complexity. 
650 2 4 |a Information Systems Applications (incl. Internet). 
650 2 4 |a Computation by Abstract Devices. 
700 1 |a Mansouri, Alamin.  |e editor. 
700 1 |a Nouboud, Fathallah.  |e editor. 
700 1 |a Chalifour, Alain.  |e editor. 
700 1 |a Mammass, Driss.  |e editor. 
700 1 |a Meunier, Jean.  |e editor. 
700 1 |a Elmoataz, Abderrahim.  |e editor. 
710 2 |a SpringerLink (Online service) 
773 0 |t Springer eBooks 
776 0 8 |i Printed edition:  |z 9783319336176 
830 0 |a Lecture Notes in Computer Science,  |x 0302-9743 ;  |v 9680 
856 4 0 |u http://dx.doi.org/10.1007/978-3-319-33618-3  |z Full Text via HEAL-Link 
912 |a ZDB-2-SCS 
912 |a ZDB-2-LNC 
950 |a Computer Science (Springer-11645)